| 000 | 00783nam a22002177a 4500 | ||
|---|---|---|---|
| 999 |
_c8954 _d8954 |
||
| 003 | AR-CdUCM | ||
| 008 | 190327b ||||| |||| 00| 0 spa d | ||
| 040 |
_aMUNICIPALIDAD PROVINCIAL DEL CUSCO _cBIBLIOTECA MUNICIPAL DEL CUSCO |
||
| 082 |
_a403 / _bN89 |
||
| 245 |
_aNuevo diccionario enciclopédico Codex : _bpoligloto / |
||
| 260 |
_aBuenos Aires : _bCODEX, _c1954. |
||
| 300 |
_atomos ; _bilustraciones ; _c20 cm. |
||
| 500 | _aApéndice 2: tapa ligeramente desprendida del cuerpo del libro. | ||
| 505 | _aContenido : a.2: Historia del idioma francés -- Historia del idioma italiano -- Historia del idioma portugués. | ||
| 650 |
_aHistoria _9136 |
||
| 650 |
_aIdiomas _924850 |
||
| 650 |
_aDiccionario _95196 |
||
| 710 |
_aCODEX _924835 |
||
| 942 |
_2ddc _cLIBROS |
||
| 945 | _azta | ||